[Event "ESP-ch U18"]
[Site "Salobrena"]
[Date "2019.07.22"]
[Round "1"]
[White "Roldan Marques, Daniel"]
[Black "Martos Amiguet, Valentina"]
[Result "1-0"]
[WhiteElo "2160"]
[BlackElo "1769"]
[PlyCount "91"]
[EventDate "2019.07.22"]
[EventType "swiss"]
[EventRounds "9"]
[EventCountry "ESP"]
[SourceTitle "CBM 191 Extra"]
[Source "ChessBase"]
[SourceDate "2019.09.30"]
[SourceVersion "1"]
[SourceVersionDate "2019.09.30"]
[SourceQuality "1"]

1. d4 d5 2. c4 c6 3. cxd5 cxd5 4. Bf4 Nc6 5. e3 Nf6 6. Nc3 a6 7. Bd3 Bg4 8. Nge2 e6 9. 0-0 Bd6 10. Bxd6 Qxd6 11. Rc1 0-0 12. Na4 Nd7 13. f3 Bh5 14. Qb3 Na5 15. Qc3 Nc6 16. Nc5 Nxc5 17. Qxc5 Qxc5 18. Rxc5 Bg6 19. Nf4 Bxd3 20. Nxd3 Rac8 21. Rfc1 f6 22. R5c3 e5 23. dxe5 fxe5 24. Nxe5 Rf6 25. Rc5 Re8 26. Nxc6 bxc6 27. Rxc6 Rxe3 28. Rxf6 gxf6 29. Kf2 Re6 30. Re1 Rc6 31. Ke3 Re6+ 32. Kd2 Rb6 33. b3 Kf7 34. Rc1 Kg6 35. Rc5 Rd6 36. Kd3 Kf5 37. Kd4 Ke6 38. b4 h6 39. g4 Rb6 40. a3 Rd6 41. f4 Rd8 42. Rc6+ Rd6 43. Rxd6+ Kxd6 44. a4 Kc6 45. h4 Kd6 46. b5 1-0

[Event "Wch U18 Girls"]
[Site "Porto Carras"]
[Date "2018.10.30"]
[Round "11.32"]
[White "Martos Amiguet, Valentina"]
[Black "Greibrokk, Ingrid Andrea"]
[Result "0-1"]
[WhiteElo "1775"]
[BlackElo "2018"]
[PlyCount "80"]
[EventDate "2018.10.20"]
[EventType "swiss"]
[EventRounds "11"]
[EventCountry "GRE"]
[SourceTitle "CBM 187 Extra"]
[Source "ChessBase"]
[SourceDate "2018.11.04"]
[SourceVersion "1"]
[SourceVersionDate "2018.11.04"]
[SourceQuality "1"]

1. d4 d5 2. Bf4 Nf6 3. e3 e6 4. Nf3 Nbd7 5. Nbd2 Be7 6. Bd3 0-0 7. h3 c5 8. c3 b6 9. 0-0 a5 10. Re1 Ba6 11. Bc2 Rc8 12. e4 dxe4 13. Nxe4 Nxe4 14. Bxe4 Nf6 15. Bc2 Bb7 16. Rc1 cxd4 17. cxd4 Bb4 18. Re3 Nd5 19. Qd3 Rxc2 20. Qxc2 Nxf4 21. a3 Be7 22. Qc7 Bxf3 23. Qxf4 Bd5 24. Qg4 h5 25. Qg3 Bh4 26. Qh2 Bg5 27. f4 Bf6 28. Rd3 Be4 29. Rdd1 Bxd4+ 30. Kh1 Qf6 31. Rc4 Rd8 32. Qg3 b5 33. Rc7 Bxb2 34. Re1 Bg6 35. Rb7 Qc3 36. Qh4 Rc8 37. Rxb5 Bxa3 38. Ree5 Bb4 39. Kh2 Bd6 40. Rg5 Qd2 0-1

[Event "Wch U18 Girls"]
[Site "Porto Carras"]
[Date "2018.10.20"]
[Round "1"]
[White "Redondo Benavente, Ana"]
[Black "Martos Amiguet, Valentina"]
[Result "1-0"]
[WhiteElo "2055"]
[BlackElo "1775"]
[PlyCount "64"]
[EventDate "2018.10.20"]
[EventType "swiss"]
[EventRounds "11"]
[EventCountry "GRE"]
[SourceTitle "CBM 187 Extra"]
[Source "ChessBase"]
[SourceDate "2018.11.04"]
[SourceVersion "1"]
[SourceVersionDate "2018.11.04"]
[SourceQuality "1"]

1. e4 c5 2. c3 d5 3. exd5 Qxd5 4. d4 e6 5. Nf3 Nf6 6. Be3 cxd4 7. cxd4 Nc6 8. Nc3 Qd6 9. Bd3 Be7 10. 0-0 0-0 11. Qd2 Nb4 12. Bf4 Qd8 13. Be2 Nbd5 14. Bg3 b6 15. Ne5 Bb7 16. Bf3 Rc8 17. Rac1 Bb4 18. Qd3 Bd6 19. Rfd1 Qe7 20. Bh4 Rfd8 21. Nxd5 Bxd5 22. Bxd5 Rxc1 23. Rxc1 exd5 24. Ng4 Re8 25. Bxf6 gxf6 26. g3 Qe6 27. Qf3 Kg7 28. Ne3 Bf8 29. Nxd5 Qe4 30. Qxf6+ Kg8 31. Qg5+ Kh8 32. Nf6 Qe7 1-0

[Event "Roncana op-B 10th"]
[Site "Santa Eulalia de Roncana"]
[Date "2016.10.15"]
[Round "4"]
[White "Garcia Torres, Adolfo"]
[Black "Martos Amiguet, Valentina"]
[Result "1/2-1/2"]
[WhiteElo "1527"]
[BlackElo "1463"]
[PlyCount "47"]
[EventDate "2016.09.24"]
[EventType "swiss"]
[EventRounds "8"]
[EventCountry "ESP"]
[SourceTitle "EXT 2018"]
[Source "ChessBase"]
[SourceDate "2017.10.13"]
[SourceVersion "1"]
[SourceVersionDate "2017.10.13"]
[SourceQuality "1"]

1. d4 Nf6 2. Bf4 e6 3. e3 b6 4. Bd3 Bb7 5. Nf3 Be7 6. Nbd2 c5 7. c3 d5 8. Bxb8 Rxb8 9. Bb5+ Kf8 10. Ne5 Qc7 11. g4 h6 12. f4 Rd8 13. g5 Ne4 14. Nxe4 dxe4 15. Qh5 Bd6 16. 0-0-0 cxd4 17. Rxd4 g6 18. Qh3 Kg7 19. gxh6+ Rxh6 20. Qg3 Bd5 21. Kb1 Qc5 22. a4 Rhh8 23. h4 Rh5 24. Ng4 1/2-1/2

[Event "Roncana op-B 10th"]
[Site "Santa Eulalia de Roncana"]
[Date "2016.10.01"]
[Round "2"]
[White "Miralles Ferri, Salvador"]
[Black "Martos Amiguet, Valentina"]
[Result "0-1"]
[WhiteElo "1712"]
[BlackElo "1463"]
[PlyCount "114"]
[EventDate "2016.09.24"]
[EventType "swiss"]
[EventRounds "8"]
[EventCountry "ESP"]
[SourceTitle "EXT 2018"]
[Source "ChessBase"]
[SourceDate "2017.10.13"]
[SourceVersion "1"]
[SourceVersionDate "2017.10.13"]
[SourceQuality "1"]

1. e4 c5 2. Nf3 d6 3. Bc4 Nf6 4. d3 g6 5. e5 dxe5 6. Nxe5 e6 7. Bg5 Bg7 8. Ng4 Nbd7 9. Bb5 h6 10. Bxd7+ Bxd7 11. Nxf6+ Bxf6 12. Bxf6 Qxf6 13. c3 Bc6 14. 0-0 0-0-0 15. f3 Qg7 16. Qe2 Qh7 17. Na3 g5 18. Rad1 h5 19. Qe5 Rd5 20. Qe2 Rg8 21. d4 g4 22. f4 h4 23. Nc4 h3 24. g3 a6 25. Ne5 Rxe5 26. dxe5 Bf3 27. Qd3 Qxd3 28. Rxd3 Be2 29. Rfd1 Bxd3 30. Rxd3 Kc7 31. Kf2 Rh8 32. Ke3 Rh5 33. b4 cxb4 34. cxb4 Rh8 35. Kd4 Rc8 36. Kc5 Ra8 37. a4 Rb8 38. a5 Ra8 39. b5 axb5 40. Kxb5 Rb8 41. Rd2 Ra8 42. Rc2+ Kb8 43. Rc4 Ra7 44. Rd4 Kc7 45. Rd6 Ra8 46. Rb6 Rd8 47. Rd6 Ra8 48. a6 bxa6+ 49. Rxa6 Rxa6 50. Kxa6 Kc6 51. Ka7 Kd5 52. Kb7 Ke4 53. Kc7 Kf3 54. Kd7 Kg2 55. Ke7 Kxh2 56. Kxf7 Kxg3 57. Kxe6 h2 0-1

[Event "Barcelona Sant Marti op-B 18th"]
[Site "Barcelona"]
[Date "2016.07.17"]
[Round "5.40"]
[White "Hernando Rodrigo, Lourdes"]
[Black "Martos Amiguet, Valentina"]
[Result "1/2-1/2"]
[WhiteElo "1730"]
[BlackElo "1312"]
[PlyCount "59"]
[EventDate "2016.07.13"]
[EventType "swiss"]
[EventRounds "9"]
[EventCountry "ESP"]
[SourceTitle "EXT 2024"]
[Source "ChessBase"]
[SourceDate "2023.10.10"]
[SourceVersion "1"]
[SourceVersionDate "2023.10.10"]
[SourceQuality "1"]

1. d4 Nf6 2. Nf3 b6 3. e3 Bb7 4. Bd3 e6 5. Nbd2 c5 6. 0-0 Nc6 7. c3 Be7 8. dxc5 Bxc5 9. e4 0-0 10. Qe2 Re8 11. e5 Nd5 12. Ne4 f5 13. exf6 Nxf6 14. Nxf6+ Qxf6 15. Ng5 g6 16. Ne4 Qg7 17. Nxc5 bxc5 18. Bf4 Ne7 19. Be5 Qf7 20. Bd6 Rac8 21. Ba6 Bxa6 22. Qxa6 Rc6 23. Qd3 Qf5 24. Qg3 Nd5 25. Rad1 Nf6 26. Qe5 c4 27. Rfe1 Qxe5 28. Bxe5 Nd5 29. Bg3 Rcc8 30. Be5 1/2-1/2

[Event "Barcelona Sant Marti op-B 18th"]
[Site "Barcelona"]
[Date "2016.07.14"]
[Round "2.57"]
[White "Martos Amiguet, Valentina"]
[Black "Cervera Lopez, Miguel"]
[Result "0-1"]
[WhiteElo "1312"]
[BlackElo "1655"]
[PlyCount "74"]
[EventDate "2016.07.13"]
[EventType "swiss"]
[EventRounds "9"]
[EventCountry "ESP"]
[SourceTitle "EXT 2024"]
[Source "ChessBase"]
[SourceDate "2023.10.10"]
[SourceVersion "1"]
[SourceVersionDate "2023.10.10"]
[SourceQuality "1"]

1. e4 c5 2. d4 cxd4 3. c3 e5 4. Nf3 Nc6 5. Bc4 h6 6. 0-0 dxc3 7. Nxc3 a6 8. a4 Nf6 9. Be3 d6 10. h3 Be6 11. Bxe6 fxe6 12. Qb3 Qd7 13. Rfd1 Qf7 14. Bb6 Nd7 15. Be3 Rb8 16. Rd2 Be7 17. Rad1 0-0 18. Nb1 Qg6 19. Na3 Rxf3 20. Kh1 Rxe3 21. fxe3 Nc5 22. Qc4 Na5 23. Qa2 Nxe4 24. Qb1 d5 25. Rc2 Rf8 26. Kg1 Qg3 27. Re2 Bxa3 28. bxa3 Nc3 29. Qc2 Nxe2+ 30. Qxe2 Nc4 31. Ra1 e4 32. Kh1 Rf2 33. Qxf2 Qxf2 34. Rb1 Nxe3 35. Rg1 Ng4 36. a5 Qg3 37. Rc1 Qh2# 0-1

[Event "Barcelona Sant Marti op-B 18th"]
[Site "Barcelona"]
[Date "2016.07.13"]
[Round "1.50"]
[White "Quero Ortega, Juan"]
[Black "Martos Amiguet, Valentina"]
[Result "1-0"]
[WhiteElo "1805"]
[BlackElo "1312"]
[PlyCount "123"]
[EventDate "2016.07.13"]
[EventType "swiss"]
[EventRounds "9"]
[EventCountry "ESP"]
[SourceTitle "EXT 2024"]
[Source "ChessBase"]
[SourceDate "2023.10.10"]
[SourceVersion "1"]
[SourceVersionDate "2023.10.10"]
[SourceQuality "1"]

1. c4 c5 2. Nf3 Nf6 3. g3 g6 4. Bg2 Bg7 5. 0-0 d6 6. Nc3 Nc6 7. d3 Bd7 8. Bd2 0-0 9. Qc1 Qc8 10. Bh6 Bh3 11. Bxg7 Kxg7 12. Qg5 Bxg2 13. Kxg2 Qg4 14. Qxg4 Nxg4 15. h3 Nf6 16. e4 e5 17. a3 a6 18. Rfb1 a5 19. Nb5 Rfd8 20. Kf1 Na7 21. Nxa7 Rxa7 22. Ng1 Nd7 23. Ne2 Nb8 24. Nc3 Nc6 25. Nb5 Raa8 26. Ke2 h6 27. Rf1 Nd4+ 28. Nxd4 exd4 29. g4 Rab8 30. a4 Rf8 31. f4 Rbe8 32. f5 gxf5 33. Rxf5 Re5 34. Raf1 Rxf5 35. Rxf5 Re8 36. Kf3 Re5 37. Kf4 Rxf5+ 38. Kxf5 b6 39. h4 h5 40. gxh5 Kh6 41. Kf6 Kh7 42. Kxf7 Kh6 43. Ke6 Kxh5 44. Kxd6 Kxh4 45. e5 Kg4 46. e6 Kf3 47. e7 Ke2 48. e8Q+ Kd1 49. Kc6 Kc2 50. Qe4 Kb3 51. Kxb6 Ka2 52. Kxc5 Kb3 53. Kb5 Ka2 54. Kxa5 Kb3 55. Qxd4 Ka2 56. b4 Ka3 57. b5 Ka2 58. b6 Ka3 59. b7 Kb3 60. b8Q+ Kc2 61. Qbb2+ Kd1 62. Qg1# 1-0

[Event "Foment Martinenc op-C 16th"]
[Site "Barcelona"]
[Date "2014.06.07"]
[Round "7"]
[White "Ibanez Camara, Oscar"]
[Black "Martos Amiguet, Valentina"]
[Result "1-0"]
[WhiteElo "1837"]
[BlackElo "1726"]
[PlyCount "73"]
[EventDate "2014.04.26"]
[EventType "swiss"]
[EventRounds "9"]
[EventCountry "ESP"]
[SourceTitle "EXT 2015"]
[Source "ChessBase"]
[SourceDate "2014.11.20"]
[SourceVersion "1"]
[SourceVersionDate "2014.11.20"]
[SourceQuality "1"]

1. e4 c5 2. Nf3 a6 3. d4 cxd4 4. Nxd4 Nf6 5. Nc3 b5 6. e5 Ng8 7. Qf3 Ra7 8. Be3 Bb7 9. Qg3 Ra8 10. Rd1 e6 11. Be2 Qc7 12. 0-0 Nc6 13. f4 d6 14. exd6 Bxd6 15. Qxg7 Nxd4 16. Bxd4 Rd8 17. Qg3 Kd7 18. Qg7 Kc8 19. Qxh8 f5 20. Qg7 Ne7 21. Bf3 Bxf3 22. Rxf3 Qc6 23. Qf7 Kb8 24. Be5 Nc8 25. Qxe6 Kb7 26. Bxd6 Nxd6 27. Rfd3 Kc7 28. Nd5+ Kb7 29. Rc3 Re8 30. Rxc6 Rxe6 31. Rb6+ Kc8 32. Rxa6 Kd7 33. Nc3 b4 34. Nb5 Ke7 35. Raxd6 Re2 36. Rd7+ Ke6 37. R1d6# 1-0

[Event "Foment Martinenc op-C 16th"]
[Site "Barcelona"]
[Date "2014.05.24"]
[Round "5"]
[White "Ruiz Talavera, Adolfo"]
[Black "Martos Amiguet, Valentina"]
[Result "1-0"]
[WhiteElo "1812"]
[BlackElo "1726"]
[PlyCount "113"]
[EventDate "2014.04.26"]
[EventType "swiss"]
[EventRounds "9"]
[EventCountry "ESP"]
[SourceTitle "EXT 2015"]
[Source "ChessBase"]
[SourceDate "2014.11.20"]
[SourceVersion "1"]
[SourceVersionDate "2014.11.20"]
[SourceQuality "1"]

1. d4 Nf6 2. c4 e6 3. Nc3 Bb4 4. Qc2 d5 5. Bg5 h6 6. Bh4 g5 7. Bg3 Nc6 8. a3 Ba5 9. b4 Nxd4 10. Qb2 h5 11. Be5 c5 12. bxa5 0-0 13. e3 Nc6 14. Bxf6 Qxf6 15. Na4 Qd8 16. Qb5 Nxa5 17. Nxc5 a6 18. Qb4 Qc7 19. cxd5 exd5 20. Rc1 Nc6 21. Qc3 Qe7 22. Be2 Re8 23. Nf3 Bg4 24. Nd4 Nxd4 25. Qxd4 Rad8 26. Bxg4 hxg4 27. Rb1 b5 28. 0-0 Qd6 29. Nb7 Qh6 30. Nxd8 Rxd8 31. Qxg4 Kg7 32. Rfd1 Rh8 33. h3 Rd8 34. Rbc1 Qg6 35. Rc5 Kh6 36. f4 f6 37. Rc6 Rf8 38. fxg5+ Kg7 39. gxf6+ Rxf6 40. Qxg6+ Rxg6 41. Rxg6+ Kxg6 42. Rxd5 Kf6 43. Rd6+ Ke5 44. Rxa6 Ke4 45. Rb6 Kxe3 46. Rxb5 Kd3 47. a4 Kc3 48. a5 Kc4 49. Rb8 Kc5 50. a6 Kd4 51. a7 Kd3 52. a8Q Kd4 53. Re8 Kc4 54. Rd8 Kc3 55. Qc6+ Kb3 56. Rb8+ Ka3 57. Qa6# 1-0

[Event "Foment Martinenc op-C 16th"]
[Site "Barcelona"]
[Date "2014.05.10"]
[Round "3"]
[White "Rodriguez Collado, Alex"]
[Black "Martos Amiguet, Valentina"]
[Result "0-1"]
[WhiteElo "1785"]
[BlackElo "1726"]
[PlyCount "84"]
[EventDate "2014.04.26"]
[EventType "swiss"]
[EventRounds "9"]
[EventCountry "ESP"]
[SourceTitle "EXT 2015"]
[Source "ChessBase"]
[SourceDate "2014.11.20"]
[SourceVersion "1"]
[SourceVersionDate "2014.11.20"]
[SourceQuality "1"]

1. e4 c5 2. Nf3 e6 3. g3 a6 4. Bg2 b5 5. 0-0 Bb7 6. d3 d6 7. Be3 Nf6 8. Nbd2 Be7 9. c4 0-0 10. Qb3 Qd7 11. e5 Ng4 12. Rfe1 Nxe5 13. Nxe5 dxe5 14. Nf3 e4 15. Ne5 Qc7 16. d4 Rd8 17. Rad1 Bf6 18. Ng4 Be7 19. dxc5 Nd7 20. cxb5 Bxc5 21. Bxc5 Nxc5 22. Rxd8+ Rxd8 23. Qc4 Bd5 24. Qd4 Bxa2 25. Qe5 Qb7 26. Qxc5 f5 27. bxa6 Qxa6 28. Ne5 Rd5 29. Qc7 Qa8 30. Qe7 Kh8 31. Qxe6 Rd1 32. Nf7+ Kg8 33. Nd8+ Bxe6 34. Rxd1 Bb3 35. Rd7 Qa1+ 36. Bf1 Bc4 37. h3 Qxf1+ 38. Kh2 Qxf2+ 39. Kh1 Bf1 40. Rxg7+ Kxg7 41. Ne6+ Kf6 42. Nf4 Ke5 0-1